000 01126nam a2200325 i 4500
003 EG-GICUC
005 20260507101710.0
008 260422s1903 lb||||frd||| 000 0 fre d
040 _aEG-GiCUC
_bfre
_cEG-GiCUC
_dEG-GiCUC
_eRda
041 1 _afre
082 0 4 _221
_a343.03
_b IB . D
092 0 4 _221
099 _aLaw1 10 343.03 IB . D 1903
100 1 _aIbrahim, Najjar
_eAuteur
245 1 0 _aDictionnaire juridique français–arabe /
_cpar Ibrahim Najjar, Ahmed Zaki Badaoui, Youssef Chellalah.
264 1 _aBeyrouth :
_bLibrairie du Liban,
_c1903.
300 _a292 page ؛
_c 28 cm.
_billustration ;
336 _2rda contenu
_a texte
337 _2rda medias
_aOrdinateur
338 _2 transporteur rda
_a Ressource en ligne
504 _aIncludes bibliographical references.
546 _aTexte en français avec quelques passages en arabe
650 1 _aSciences Criminelles
_2qrmak
651 1 _2qrmak
700 1 _aBadaoui, Ahmed Zaki
_eAuteur
700 1 _aChellalah, Youssef
_eAuteur
856 4 0 _uhttps://fll.law.cu.edu.eg/fulltext/bks/B10-10320.pdf
905 _a74
942 _2ddc
_cBK
_e21
_n0
999 _c72862
_d72862